Statistics for Arctic Monkeys Lyrics - Brianstorm

Click here to take the quiz!

General Stats

  • This quiz has been taken 71 times
  • The average score is 152 of 200

Answer Stats

Lyrics% Correct
Brian,
100%
(Brian)
100%
for
100%
marks
100%
not
100%
to
100%
(Top
100%
top
100%
trying
100%
trying)
100%
You
98%
you
98%
I
97%
a
95%
And
92%
and
92%
see
90%
we
90%
The
88%
the
88%
your
88%
later,
87%
of
87%
us
87%
be
85%
under?
85%
'cause
83%
'Cause
83%
So
83%
so
83%
t-shirt
83%
eyes
80%
innovator
80%
can't
78%
combination
78%
ties
78%
Are
77%
are
77%
me
77%
me,
77%
putting
77%
take
77%
Well,
77%
wonder,
77%
off
75%
our
75%
jacuzzi"
72%
on
72%
show
72%
there
72%
With
72%
with
72%
get
70%
get,
70%
"Use
70%
wet
70%
bless
68%
but
68%
she's
68%
that
68%
That
68%
There's
68%
there's
68%
thunder
68%
you're
68%
effortlessness
67%
kind
67%
saying,
67%
what
67%
yours
67%
comforted
65%
storm
65%
yet,
65%
it's
63%
kiss,
63%
She'll
63%
some
63%
Some
63%
through
63%
you've
63%
couldn't
62%
kick
62%
least
62%
net
62%
slip
62%
their
62%
impression
60%
jokes,
60%
stolen
60%
strangely
60%
style
60%
we're
60%
while
60%
at
58%
bet
58%
blokes
58%
fire,
58%
have
58%
set
58%
that's
58%
want
58%
acquire
57%
grateful
57%
hundreds
57%
out
57%
'em
55%
smooth
55%
standing
55%
collected
53%
doubt
53%
Or
53%
plate,
53%
wept
53%
aware
52%
imagine
52%
make
52%
story
52%
unforecasted
52%
wait
52%
commanding
50%
other
50%
rate
50%
Calm,
48%
leave
48%
rendezvous
48%
you'll
47%
frightened
45%
Means
45%
renditions
45%
whole
45%
never
40%

Score Distribution

Percentile by Number Answered

Percent of People with Each Score

Your Score History

You have not taken this quiz